| 000 | 00858cam a2200205 a 4500 | ||
|---|---|---|---|
| 999 |
_c57966 _d57966 |
||
| 001 | 17378886 | ||
| 003 | GE_BSU | ||
| 005 | 20221114153738.0 | ||
| 008 | 120709s2011 onc b 001 0 eng | ||
| 020 | _a9781442642409x | ||
| 041 | _aeng | ||
| 080 | _a323.1 E-91 | ||
| 245 | 0 | 0 |
_aEuropean security since the fall of the Berlin Wall / _cedited by Frédéric Mérand, Martial Foucault, and Bastien Irondelle. |
| 264 |
_aToronto ; Buffalo : _bUniversity of Toronto Press, _c2011. |
||
| 300 |
_a326 p. ; _c24 cm. |
||
| 653 | _aEuropean Security Since the Fall of the Berlin Wall | ||
| 653 | _aბერლინის კედლის დაცვიდან ევროპის უსაფრთხოება | ||
| 653 | _aЕвропейская безопасность после падения Берлинской стены | ||
| 942 |
_2udc _cBK |
||